Statystyki dla Osiedla Rzeszowa

Kliknij tutaj aby rozwiązać quiz!

Ogólne statystyki

  • Ten quiz został rozwiązany 453 razy
  • Średni wynik to 15 z 32

Statystyki odpowiedzi

Osiedle% Poprawnych
2Baranówka
90%
17Nowe Miasto
82%
26Śródmieście
76%
29Zalesie
68%
7Drabinianka
67%
4Budziwój
66%
24Staromieście
64%
23Słocina
63%
20Pobitno
62%
30Załęże
58%
15Miłocin
57%
21Przybyszówka
53%
3Biała
51%
13Matysówka
49%
25Staroniwa
48%
28Wilkowyja
48%
11Krakowska-Południe
45%
32Zwięczyca
44%
6Dąbrowskiego
43%
14Mieszka I
39%
19Piastów
38%
27Tysiąclecia
37%
9Kmity
36%
18Paderewskiego
32%
1Andersa
30%
8Grota Roweckiego
30%
5Bzianka
28%
12Króla Augusta
26%
10Kotuli
25%
22Pułaskiego
25%
31Zawiszy Czarnego
21%
16Miłocin-św. Huberta
14%

Rozkład punktacji

Percentyl według liczby udzielonych odpowiedzi

Procent ludzi z każdym wynikiem

Twoja historia wyników

Nie rozwiązałeś tego quizu